Heat transfer (Record no. 3641)

000 -LEADER
fixed length control field 00564nam a2200229 a 4500
001 - CONTROL NUMBER
control field 3641
003 - CONTROL NUMBER IDENTIFIER
control field BD-DhUET
008 - FIXED-LENGTH DATA ELEMENTS--GENERAL INFORMATION
fixed length control field 960506s1997 nyua b 001 0 eng
020 ## - INTERNATIONAL STANDARD BOOK NUMBER
International Standard Book Number 0071143203
020 ## - INTERNATIONAL STANDARD BOOK NUMBER
International Standard Book Number 0078447852
040 ## - CATALOGING SOURCE
Original cataloging agency DLC
Transcribing agency DLC
Modifying agency BD-DhUET
082 00 - DEWEY DECIMAL CLASSIFICATION NUMBER
Classification number 621.011
Item number HOL/1997
100 1# - MAIN ENTRY--PERSONAL NAME
Personal name Holman, J. P.
245 10 - TITLE STATEMENT
Title Heat transfer
250 ## - EDITION STATEMENT
Edition statement 8th ed.
260 ## - PUBLICATION, DISTRIBUTION, ETC. (IMPRINT)
Place of publication, distribution, etc. New York
Name of publisher, distributor, etc. McGraw-Hill
Date of publication, distribution, etc. 1997
300 ## - PHYSICAL DESCRIPTION
Extent xviii, 696 p.
Other physical details ill.
490 ## - SERIES STATEMENT
Series statement Schaum's outline series
504 ## - BIBLIOGRAPHY, ETC. NOTE
Bibliography, etc Includes bibliographies
650 #0 - SUBJECT ADDED ENTRY--TOPICAL TERM
Topical term or geographic name as entry element Heat transfer
942 ## - ADDED ENTRY ELEMENTS (KOHA)
Koha item type General Book
Holdings
Price effective from Koha full call number Source of classification or shelving scheme Koha date last seen Piece designation (barcode) Koha date last borrowed Koha normalized classification for sorting Lost status Withdrawn status Shelving location Date acquired Copy number Koha issues (times borrowed) Damaged status Not for loan Koha out on loan Sublocation or collection (holding branch) Location (home branch) Koha item type
2014-11-03621.011/HOL/1997 2025-04-27924502025-04-27621_011000000000000_HOL_1997  Circulation section2014-11-0313  2025-05-11Central Library, BUETCentral Library, BUETGeneral Book
2014-11-03621.011/HOL/1997 2014-11-0392452 621_011000000000000_HOL_1997  Circulation section2014-11-032    Central Library, BUETCentral Library, BUETGeneral Book
2014-11-03621.011/HOL/1997 2016-07-3092453 621_000000000000000_011HOL1997  Circulation section2014-11-033    Central Library, BUETCentral Library, BUETGeneral Book
2014-11-03621.011/HOL/1997 2022-06-08924542022-01-09621_000000000000000_011HOL1997  Circulation section2014-11-0341   Central Library, BUETCentral Library, BUETGeneral Book
2014-11-03621.011/HOL/1997 2024-10-28924552024-10-02621_000000000000000_011HOL1997  Circulation section2014-11-0352   Central Library, BUETCentral Library, BUETGeneral Book
2014-11-03621.011/HOL/1997 2024-08-31924572023-12-10621_000000000000000_011HOL1997  Circulation section2014-11-0363   Central Library, BUETCentral Library, BUETGeneral Book
2014-11-03621.011/HOL/1997 2014-11-0392459 621_000000000000000_011HOL1997  Circulation section2014-11-037    Central Library, BUETCentral Library, BUETGeneral Book
2014-11-03621.011/HOL/1997 2024-08-28924602024-03-12621_011000000000000_HOL_1997  Circulation section2014-11-0381   Central Library, BUETCentral Library, BUETGeneral Book
2014-11-03621.011/HOL/1997 2024-06-22924612024-04-08621_000000000000000_011HOL1997  Circulation section2014-11-0391   Central Library, BUETCentral Library, BUETGeneral Book
2014-11-03621.011/HOL/1997 2025-03-12924622024-12-10621_000000000000000_011HOL1997  Circulation section2014-11-03105   Central Library, BUETCentral Library, BUETGeneral Book
2014-11-03621.011/HOL/1997 2017-05-03924642015-03-04621_000000000000000_011HOL1997  Circulation section2014-11-03111   Central Library, BUETCentral Library, BUETGeneral Book
2014-11-03621.011/HOL/1997 2019-07-10924652019-06-17621_000000000000000_011HOL1997  Circulation section2014-11-03123   Central Library, BUETCentral Library, BUETGeneral Book
2014-11-03621.011/HOL/1997 2022-06-08924662022-05-24621_000000000000000_011HOL1997  Circulation section2014-11-03133   Central Library, BUETCentral Library, BUETGeneral Book
2015-04-12621.011 HOL/1997 2015-04-1292468 621_011000000000000_HOL_1997  Circulation section2015-04-1214    Central Library, BUETCentral Library, BUETGeneral Book
2015-07-02621.011/HOL/1997 2015-07-0292447 621_011000000000000_HOL_1997  Reading section2015-07-0215    Central Library, BUETCentral Library, BUETReading Item
2015-07-09621.011/HOL/1997 2015-07-0992446 621_011000000000000_HOL_1997  Reading section2015-07-0916    Central Library, BUETCentral Library, BUETReading Item